Landlocked countries of Asia - Statistics

General Stats
  • This quiz has been taken 41 times
  • The average score is 11 of 12
Answer Stats
Answer % Correct
Afghanistan
100%
Turkmenistan
100%
Uzbekistan
100%
Kyrgyzstan
97%
Nepal
97%
Bhutan
95%
Laos
95%
Mongolia
95%
Kazakhstan
92%
Armenia
89%
Tajikistan
86%
Azerbaijan
84%
No matching quizzes found
Score Distribution
Percent of People with Each Score
Percentile by Number Answered
Your Score History
You have not taken this quiz